[Event "GRE-GEO"]
[Site "Athens"]
[Date "2003.09.20"]
[Round "3"]
[White "Mastrovasilis, Athanasios"]
[Black "Jobava, Baadur"]
[Result "0-1"]
[WhiteElo "2499"]
[BlackElo "2596"]
[Annotator "Hazai,L"]
[PlyCount "144"]
[EventDate "2003.09.18"]
[EventType "team"]
[EventRounds "6"]
[EventCountry "GRE"]
[SourceTitle "CBM 098"]
[Source "ChessBase"]
[SourceDate "2004.02.03"]
[SourceVersion "1"]
[SourceVersionDate "2004.02.03"]
[SourceQuality "1"]

1. d4 Nf6 2. Nf3 g6 3. g3 Bg7 4. Bg2 d6 5. O-O O-O 6. a4 Na6 {/\ c5} (6... c5 {
- Sturua-Mamedyarov, Istanbul 2003 CBM 96}) (6... a5 7. Re1 Nc6 {-
Badea-Iordachescu, Bucharest 2001 CBM 82} (7... Nbd7 {- Bartel-Blehm, Warsaw
2002 CBM 89})) (6... Nc6 {- Romanishin-Jobava, Leon 2001 CBM 86}) 7. a5 (7. b3
{doesn't look very healthy.} c5 8. Bb2 Bf5 9. Nbd2 Qc8 10. Re1 cxd4 11. Nxd4
Bh3 12. Bh1 Nc5 13. b4 {This weakens >< c4.} Ncd7 {/\ Ne5 >< c4} 14. a5 Ne5 15.
Ra3 d5 $13 {Sorokin-Shirov, SU (ch) 1991 53/(74)}) (7. Nc3 d5 {This is the
logical plan. Although Black has lost a tempo, in this P structure the N on c3
is against the Philidor rule.} (7... c5 8. a5 {White continues his plan
putting more pressure on the <<.} (8. h3 {fighting against the annoying Bg4
and securing Be3.} cxd4 (8... Bd7 9. e4 cxd4 10. Nxd4 $14 {is a good version
of the g3 Sicilian Dragon, Grivas-Kotronias, Greece (ch) 1996 67/(80).}) 9.
Nxd4 Nc5 10. e4 $5 {deserves serious attention according to Gelfand, because
in comparision to the g3 Sicilian Dragon there is no pressure against >< d4.} (
10. Be3 {White doesn't want to close the long /^, but he has no real pressure
in the [+].} Bd7 11. a5 (11. b4 $6 {creates weaknesses on the c <->.} Ne6 12.
Nb3 (12. Bxb7 Nxd4 13. Bxd4 Bxh3 $17) 12... Bc6 $15) 11... Qc8 12. Kh2 d5 $5
$11 {and it is time to regret the absence of e4, Salov-Gelfand, Linares 1993
57/70.})) (8. e4 cxd4 (8... Bg4 {provokes} 9. d5 {but here the B on g4 is not
so important.} Nc7 (9... Qc8 {Grivas} 10. Re1 $1 $16 {/\ Bf4, e5 and avoiding
Bh3.}) 10. h3 Bxf3 11. Qxf3 {In this Benoni structure the exchange of the
light-squared B is good for White.} Nd7 12. Bd2 b6 13. Rfb1 $1 $14 {preparing
for << counteraction, Grivas-Nikolaidis, Greece (ch) 1996 67/80.}) 9. Nxd4 Bg4
$1 {Here we see the idea of h3.} 10. f3 {closes the long /^.} Bd7 11. Be3 Nb4
12. Rf2 $6 {This is rather slow.} Nc6 {Black has lost some tempi in
comparision to the g3 Sicilian Dragon, but moves like f3, Rf2 do not help much
either.} 13. Rd2 Qa5 14. Nce2 Ne5 15. b3 d5 {White's main idea in the g3
Sicilian Dragon is the total control over >< d5...} 16. exd5 Nxd5 17. Bf2 Nf6
$1 $11 {Rashkovsky-Kantsler, SU (ch) 1991 53/(71)}) (8. d5 $5 {creates a
Benoni structure.}) 8... Bg4 (8... Bd7 9. e4 (9. h3 Rb8 (9... Qc8 10. Kh2 cxd4
11. Nxd4 Nc5 {is the typical stup here.}) 10. e4 cxd4 11. Nxd4 Nc5 12. Re1 b5
13. axb6 (13. e5 $5) 13... Qxb6 14. Nd5 Nxd5 15. exd5 Na4 $132 {
Minzer-Oratovsky, Valencia 2002}) 9... cxd4 10. Nxd4 Rc8 11. h3 Rxc3 {This
positional exchange sacrifice looks a bit premature.} 12. bxc3 Nc5 13. Re1 $14
{Mikhalchishin-Damaso, Bled 2002}) 9. Bg5 h6 10. Be3 Qc8 11. Qd2 Kh7 12. Rfd1
Bh3 (12... cxd4 $5 {deserves attention.} 13. Bxd4 (13. Nxd4 Bh3 14. Bh1 Ng4 $11
) 13... Nc5) 13. Bxh3 (13. Bh1) 13... Qxh3 14. dxc5 $14 {Rashkovsky-Jacimovic,
Skopje 1991 53/(74)}) 8. Bf4 Bf5 9. Nh4 (9. Be5 Nb4 10. Ne1 Nc6 11. Bxf6 Bxf6
12. e3 Nb4 $11 {Panno-Van Wely, Buenos Aires 1995}) 9... Be6 10. Qd2 c5 11.
dxc5 Nxc5 12. Rfd1 Nfe4 13. Nxe4 Nxe4 14. Qb4 Qb6 15. Qxb6 axb6 16. c3 Ra6 17.
Nf3 Nc5 $132 {Rashkovsky-Loskutov, St Petersburg 1999}) 7... c6 (7... c5 {
- 6...c5}) 8. c3 (8. Nc3 {is again met by the "paradox"} d5 9. Bf4 Bf5 {
White takes control over e5, and Black has to put pressure on e4.} 10. Be5 Qd7
11. Na4 Bh6 {Black wants to avoid the exchange of the dark-squared B.} 12. Bxf6
exf6 {The exchange of the P structure is not bad for Black.} 13. e3 Rfe8 14.
Qe2 Bf8 {The position has some similarities to the Trompovsky.} 15. c3 Bg4 16.
Qd3 Bf5 17. Qe2 Bg4 18. Qd3 Bf5 {1/2-1/2 Grivas-Delchev, Papanastasio 1996})
8... Bf5 (8... Qc7 {doesn't look very accurate, but White's setup is rather
passive anyway.} 9. Nbd2 Re8 10. e4 Bg4 (10... e5 $5) 11. h3 Bxf3 12. Qxf3 e5
13. dxe5 (13. Re1 d5 $1) 13... Rxe5 14. Qd3 Nc5 15. Qc2 Rae8 $13 {Del Rey-V.
Georgiev, Porto 1999}) 9. Nbd2 Qc8 {/\ Bh3} 10. Re1 {/\ e4} d5 {This P
structure gives roughly equal chances.} 11. Nh4 $6 {This is an unnecessary
move.} ({The centralization of the N by} 11. Ne5 {was more to the point.} Nc7
12. e4 dxe4 13. Nxe4 Nxe4 14. Bxe4 Bxe4 15. Rxe4 Nd5 $11 {all the white pawns
are on the colour of the B.}) 11... Bg4 (11... Bh3 {was certainly also
possible leading to mass exchanges after} 12. e4 Bxg2 13. Nxg2 dxe4 14. Nxe4
Nxe4 15. Rxe4 Re8 $11) 12. Nhf3 (12. Qb3 c5) 12... c5 {Black already wants to
grab the |^.} 13. Ne5 Bh3 14. Qb3 $6 {allowing the exchange of the B weakens
the light squares.} (14. Bh1 {keeping the fianchettoed B was the best strategy.
} cxd4 15. cxd4 Nb4 16. Ra3 Qe6 $11) 14... Bxg2 15. Kxg2 Rd8 16. Nf1 Ne4 $15 {
and White's pieces are disorganized.} 17. Bf4 Nc7 (17... g5 {grabbing the |^
on all fronts was more active.} 18. Be3 f6 19. Nf3 c4 20. Qc2 Qf5 $15) 18. f3
c4 19. Qc2 Nd6 20. Ng4 b5 21. Nf2 (21. axb6 axb6 22. Bxd6 Rxd6 23. Rxa8 Qxa8
24. e4 {at least cannot be awkward for White.}) 21... b4 22. e4 {Black's <<
play is strongly countered by White in the [+].} Rb8 23. Ne3 e6 24. Neg4 {
Slowly but surely White gets some counterchances on the >>.} bxc3 25. bxc3 Rb3
26. Bg5 Ndb5 27. Nd1 ({Accepting the exchange sac by} 27. Bxd8 {leads to
unclear consequences after} Rxc3 28. Qd2 Qxd8 29. e5 h5 30. Ne3 $13) 27... Rd6
28. Nf6+ (28. e5 Ra6 29. Qd2 Ne8) 28... Bxf6 29. Bxf6 Ne8 30. Be5 Rd8 31. h4 {
White's attacking chances on the >> are not too real.} Qb7 32. Ra2 (32. h5 $6 {
is strongly met by} Nxc3 33. hxg6 fxg6 34. Nf2 Qb4 $17) 32... f6 33. Bf4 Ng7
34. Qc1 Nh5 35. Rae2 Re8 36. g4 {[#]} (36. a6 $5) 36... Rb1 $1 $15 {
liquidating for a bit better _|_ for Black.} 37. Qxb1 Nxf4+ 38. Kf1 Nxe2 39.
Rxe2 dxe4 40. fxe4 a6 41. Qb4 Qc7 42. Kg2 h5 {opening up the g <->.} (42... Rb8
43. Rb2) 43. gxh5 gxh5 44. Re3 Kf7 45. Rg3 Qf4 46. Nf2 Rc8 47. Qa4 Qxh4 48. Qd1
Rg8 49. Rxg8 Kxg8 50. Qf3 Qg5+ 51. Kf1 $2 (51. Kh3 {was the persistant defence.
}) 51... e5 52. dxe5 Qxe5 {Black has an extra P, but the realization of the
material advantage is not easy.} 53. Qh3 Kg7 54. Qc8 Nc7 55. Qd7+ Kg6 56. Qc8
Kf7 57. Qd7+ Kf8 58. Qc6 Ke7 59. Qxc4 Qxa5 60. Qd4 Qe5 61. Qb4+ Qd6 62. Qa5 Qe5
63. Qb4+ Kf7 64. c4 Ne6 (64... a5 $19 {with passed pawns on both flanks.}) 65.
Qb7+ Kg6 $6 {following the risky plan.} (65... Nc7 {defending the important o^
was better.}) 66. Qxa6 {White finally gets back the P, but the black pieces
are still very active.} Nf4 67. Qa8 (67. Qa3 $1 {gave very good defending
chances.}) 67... Qd4 68. Qa4 Qc3 69. Qd1 Kg5 $1 {The penetration of the enemy
K decides the battle.} 70. c5 Kh4 71. Qe1 Qf3 72. Qd1 Qg2+ 0-1

[Event "Lippstadt 10th"]
[Site "Lippstadt"]
[Date "2000.07.10"]
[Round "5"]
[White "Schlosser, Philipp"]
[Black "McShane, Luke J"]
[Result "1-0"]
[WhiteElo "2523"]
[BlackElo "2480"]
[Annotator "Hazai,L"]
[PlyCount "63"]
[EventDate "2000.07.06"]
[EventType "tourn"]
[EventRounds "11"]
[EventCountry "GER"]
[EventCategory "10"]
[SourceTitle "CBM 078"]
[Source "ChessBase"]
[SourceDate "2000.10.18"]
[SourceVersion "1"]
[SourceVersionDate "2000.10.18"]
[SourceQuality "1"]

1. Nf3 Nf6 2. d4 g6 3. g3 Bg7 4. Bg2 O-O 5. O-O d6 6. b3 Nc6 {Black wants to
attack the [+] by e5.} (6... e5 {may lead to the game continuation after} 7.
dxe5 Nfd7 8. Bb2 Nc6 {- 6...Nc6}) (6... c5 $5 {involves completely different
central strategy.}) 7. Bb2 e5 8. dxe5 Nd7 {Black wants to avoid the exchange
of queens and will later decide how to take back on e5.} 9. Nc3 (9. Nbd2 {
is a flexible option. The N will be strong on c4 if Black takes back with the
P.} Ndxe5 $5 {Now this looks logical, because in this structure the setup c4,
Nc3 is more convenient for White.} (9... dxe5 10. Nc4 {><e5} f6 {/\ Nb6} (10...
e4 {gives up the vital d4 square.} 11. Nd4 $14 {@}) (10... Re8 $5 {Skembris})
11. a4 {gaining space on the <<.} Qe8 {/\ Rf7, Nf8} (11... Nb6 12. Nfd2 $5 $14
{Miladinovic}) 12. a5 a6 13. Ne3 $5 $14 {/\ Nd5 ><c7, b6} Rf7 14. Nd5 {The N
is annoying on d5, this is a problem with the Nc6 setup.} Nc5 $5 (14... Nf8 $14
) 15. b4 Ne6 16. c4 (16. Nd2 $5 $14) 16... e4 $1 17. Nd2 f5 18. Bxg7 Nxg7 19.
b5 $5 axb5 (19... Ne5 20. b6 $36) 20. cxb5 Rxa5 $1 21. Nxe4 $1 fxe4 $1 22. bxc6
Rxa1 23. Qxa1 Qxc6 24. Bxe4 $14 {Skembris-Kotronias, Greece (ch) 1996}) 10. Qc1
(10. Nxe5 Nxe5 11. Qc1 (11. Kh1 d5 $1 {This solves Black's problems in the [+].
} 12. Nf3 Nxf3 13. Bxg7 Kxg7 14. Bxf3 c6 15. Qd4+ Qf6 $11 {
Marszalek-Shchekachev, Moscow 1991}) 11... d5 {Black grabs the |^ in the [+].}
({The quiet positional} 11... a5 {is also playable:} 12. Nf3 Qe7 13. Nxe5 Bxe5
14. Bxe5 Qxe5 15. e3 a4 $11 {Smyslov-Balashov, SU-ch 1969}) 12. Nf3 Nxf3+ 13.
Bxf3 c6 14. Bxg7 Kxg7 {Black has fully equalized.} 15. c4 dxc4 16. Qxc4 Be6 $11
{Gormally-McShane, Hove 1997}) 10... Rb8 (10... d5 $5 {comes into
consideration again!}) 11. c4 Be6 12. Rd1 Qc8 13. Ne4 Bf5 14. Nc3 Nxf3+ 15.
Bxf3 Ne5 16. Bg2 Re8 17. Qd2 Bh3 {(Vadasz-A.Gara, Visegrad 1998)} 18. Bh1 $1
$14 {keeping the important B on the long /^.}) (9. Qc1 dxe5 (9... Ndxe5 10.
Nxe5 (10. Nbd2 {- 9.Nbd2}) (10. c4 $5) 10... dxe5 {looks interesting, because
the Q is not nice on c1.} (10... Nxe5 11. c4 {/\ Nc3 with pressure on d5.} Rb8
12. Nc3 (12. f4 Nc6 13. Bxg7 Kxg7 14. Qb2+ Qf6 15. Qxf6+ Kxf6 16. Nc3 Ke7 17.
Rfd1 Be6 18. Rac1 Rfc8 19. Kf2 Kf8 20. Rd2 h6 21. h4 Ne7 22. Bf3 h5 23. e4 $14
{with some space advantage, Dizdarevic-Nurkic, Sarajevo 1998.}) 12... Be6 13.
Rd1 Qc8 {1/2-1/2 Vadasz-T.Gara, Budapest 1999} 14. Nd5 $14 {This is the
slightly better position White is aiming for.}) 11. Nc3 f5 {/\ e4} 12. Rd1 Qe8
13. Nd5 Rf7 14. Qe3 Be6 15. Qc5 Qf8 16. Qxf8+ Raxf8 17. c4 Rd8 $11 {
Barczay-Sax, Budapest 1976}) (9... Ncxe5 10. c4 {/\ Nc3 and it is not easy for
Black to change his slightly worse P structure.} Nxf3+ 11. Bxf3 Ne5 12. Bg2 Bg4
13. Nc3 Rb8 14. Qd2 a6 15. Rad1 Nd7 16. Nd5 $14 {and the N is again strong on
d5, E.Cosma-Lakos, Pula 1999.}) 10. Nc3 (10. Rd1 Re8 11. e4 a6 12. a4 b6 13.
Nc3 {threatening Nd5, but Black comes first.} Nd4 $1 14. Nxd4 exd4 15. Ne2 c5 {
Now the P structure has been changed for Black's favour.} 16. c3 Bb7 17. cxd4
Bxe4 18. Nf4 Bxg2 19. Kxg2 Qf6 $13 {Maherramzade-Iordachescu, Ubeda 2000})
10... Re8 11. Nd2 f5 (11... Nb6 $5 {at least finishes development.}) 12. Nc4 e4
13. Rd1 {Black has problems with his development.} Nd4 14. e3 Nf3+ 15. Bxf3
exf3 16. Nd5 Bxb2 17. Qxb2 c6 18. Nf4 Qf6 19. Qxf6 Nxf6 20. h4 Ne4 21. Nd2 Nxd2
22. Rxd2 Kf7 23. Rad1 $16 {I.Cosma-Bogdan, Sovata 1998}) (9. Qd2 $5 {The Q is
more active here than on c1.} Ndxe5 (9... Re8 10. Rd1 Ndxe5 (10... dxe5 {
- 9...dxe5}) 11. Nxe5 Nxe5 12. c4 Rb8 13. Nc3 b6 14. Nd5 $14 {and White has
achieved, what he wanted, Miles-Marjanovic, Manila 1974.}) (9... dxe5 10. Rd1
Re8 11. e4 Nc5 $5 {This leads to the opening of the position, which usually
helps for the better developed party.} 12. Qxd8 Nxd8 13. Bxe5 $1 Nxe4 14. Re1
$1 Bxe5 15. Rxe4 $14 {Miles-Nen.Ristic, Belgrade 1988}) 10. c4 $5 (10. Nxe5
dxe5 $13) 10... Nxf3+ 11. Bxf3 Bxb2 12. Qxb2 Ne5 13. Bg2 $14 {/\ Nc3}) (9. e4 {
closes the long /^ too early.} dxe5 10. Qe2 (10. Nbd2 b6 11. Qe2 {
(Polugaevsky-Medina, Palma de Mallorca 1972)} a5 $11 {/\ Ba6,Nc5}) (10. Nc3 {
- 9.Nc3}) 10... Nb6 11. Rd1 Qf6 12. Na3 a6 13. h3 Be6 14. c4 Rfd8 15. c5 Nd7
$11 {Ribli-Whiteley, Bath 1973}) (9. c4 {is not so flexible.} dxe5 $1 (9...
Ndxe5 10. Nxe5 (10. Qd2 $5 {- 9.Qd2}) 10... dxe5 11. Nc3 Bf5 12. Qxd8 Rfxd8 {
Black has nothing to fear in this _|_.} 13. Bd5 Rab8 14. Rfd1 Nd4 15. e3 c6 $11
{Barcza-Ghitescu, Lugano (ol) 1968}) 10. Ne1 {This is too sophysticated.} (10.
Nc3 {alows Black to grab the |^ in the [+] :} e4 $1 11. Ne1 f5 12. Nc2 Nde5 13.
Ba3 Re8 14. Nd5 Be6 15. f3 exf3 16. exf3 Qd7 17. f4 Ng4 $11 {London-Zuckerman,
New York 1984}) 10... Nd4 11. Nc3 c6 12. Nd3 f5 13. e3 Ne6 14. Na4 Qe7 15. Qc1
Re8 $11 {with a strong P [+] for Black, Barcza-Fischer, Zurich 1959.}) 9...
dxe5 10. e4 (10. Nd2 {is a slow plan:} Nd4 11. a4 f5 12. e3 Ne6 13. f4 e4 {
with space advantage in the [+].} 14. Qc1 Nb6 15. Rd1 Qf6 16. Rb1 Qf7 17. Nf1
a5 18. Ne2 Bd7 19. Bxg7 Qxg7 $11 {Andersson-Unzicker, Milan 1975}) 10... Nd4 (
10... b6 {is also worthy of consideration:} 11. Nd5 Re8 12. Qd2 Nc5 13. Rfe1
Bg4 14. h3 Bxf3 15. Bxf3 Nd4 $11 {occupying the dark squares,
Polugaevsky-Stein, SU (ch) 1969.}) 11. Nd5 c6 12. Ne3 Nc5 (12... Nb6 {The N is
rather passive here, but Black can quickly finish his development.} 13. c3
Nxf3+ 14. Bxf3 Be6 $11 {Pirc-Unzicker, Maribor 1967}) 13. Ba3 Qe7 (13... Nxe4
$5 {sacrificing the exchange for a central P and active piece play is also
tempting.} 14. Nxd4 (14. Bxf8 Nc3 15. Qe1 Qxf8 $44) 14... exd4 15. Bxf8 Nc3 (
15... Qxf8 16. Bxe4 dxe3 17. Rb1 Qe7) 16. Qd2 Qxf8 $44) 14. Nxd4 exd4 15. Nc4
b6 $6 {This allows the central push.} (15... Be6 16. f4 Rfd8 {was still
playable.}) 16. e5 $1 $16 {opening up the long /^ and closing the opponent's /
^.} Ba6 17. Qxd4 Rad8 18. Qc3 Bxc4 19. Qxc4 Qxe5 20. Rad1 {Black has got back
the P, but White's ^^ is very strong threatening >< c6.} Qh5 $6 {This throws
away the P without getting any serious activity for that.} (20... Rxd1 21. Rxd1
Rc8 22. Bxc5 Qxc5 23. Qxc5 bxc5 24. Rd7 a5 {leads at least to an ^- _|_.}) 21.
Rxd8 Rxd8 22. Bxc6 $18 {White is a healthy P up, and his ^^ is effective as
well.} Rd4 (22... Rd2 23. Bc1 Rd4 24. Qb5 $18) 23. Qb5 Rd2 24. b4 a6 $6 {
This leads to further material losses.} (24... Ne6 25. Qxh5 gxh5 26. Be4) 25.
Qxb6 Ne6 26. Bc1 Rxc2 27. Ba4 Rc8 28. Be3 Be5 29. Bb3 Rb8 30. Qxa6 Nc7 31. Qc4
Qf3 32. Bf4 1-0

[Event "GER-ch 75th"]
[Site "Hoeckendorf"]
[Date "2004.02.01"]
[Round "3"]
[White "Muse, Mladen"]
[Black "Bindrich, Falko"]
[Result "1-0"]
[WhiteElo "2452"]
[BlackElo "2308"]
[Annotator "Hazai,L"]
[PlyCount "79"]
[EventDate "2004.01.30"]
[EventType "swiss"]
[EventRounds "9"]
[EventCountry "GER"]
[SourceTitle "CBM 100"]
[Source "ChessBase"]
[SourceDate "2004.06.01"]
[SourceVersion "1"]
[SourceVersionDate "2004.06.01"]
[SourceQuality "1"]

1. Nf3 Nf6 2. g3 g6 3. b3 Bg7 4. Bb2 O-O 5. Bg2 d6 6. d4 e5 7. dxe5 Ng4 $6 (
7... Nfd7 {avoiding the worse endgames look more practical.}) 8. h3 $1 {
White wants to liquidate for a slightly better _|_.} Nxe5 9. Nxe5 Bxe5 (9...
dxe5 10. Qxd8 Rxd8 11. Nd2 $1 {threatening both Nc4 and Ne4.} Nd7 (11... Nc6
12. O-O-O $1 ({Giving up the ^^ for doubled pawns is a dubious decision.} 12.
Bxc6 bxc6 13. O-O-O Be6 14. g4 f6 15. Bc3 a5 16. a4 Kf7 17. f3 Bh6 18. Kb2 Be3
19. Ne4 Rd5 $13 {Chernikov-Piza, Ceske Budejovice op 1996}) 12... Be6 (12...
Bd7 13. e3 Be8 14. g4 Rab8 15. Ne4 h6 16. h4 Rxd1+ 17. Rxd1 Rd8 18. Rg1 $1 {
White needs a R for penetrations in the future.} Ne7 19. Ba3 Nc8 20. g5 $16 {
blockading the >> White secures his N's position on e4, L.B.Hansen-Vogel, BL2
Germany 1996.}) 13. g4 f6 14. Ne4 $16 {Timman-Bachmann, Stockholm 1972/73}) (
11... c6 12. O-O-O Be6 13. Nc4 $1 {threatening the squares e5 d6 and a5.} Rxd1+
14. Rxd1 Nd7 15. a4 ({or} 15. Na5 Rb8 16. Ba3 $14) 15... f6 16. Nd6 Rb8 17. a5
a6 18. Ba3 Bf8 19. Kb2 Be7 20. g4 Bd8 21. b4 $14 {advancing the << pawns,
Miles-Piket, Hoogovens Wijk aan Zee 1989.}) 12. O-O-O Re8 13. Nc4 Nb6 14. Na5
$1 {The N has found his real place.} Rb8 15. Rd2 {White wants to double his
rooks on the only opened d <->.} c6 (15... Bf8 16. a3 c6 17. Rhd1 $14 {
Smyslov-Denker, Lone Pine 1976}) 16. Rhd1 f6 17. Rd8 Kf7 18. Rxe8 Kxe8 19. Ba3
{activating the last passive piece.} Nd5 20. Bd6 Ra8 21. c4 $16 {
Smyslov-Polugaevsky, Palma de Mallorca izt 1970 10/87}) 10. Bxe5 (10. Nc3 $5 {
is a completely different idea with a sharp play with opposite castled kings.}
c6 11. Qd2 d5 12. O-O-O $1 $14 Qe7 13. h4 $36 {Keene-Pares Vives, Torremolinos
19/10 1975}) 10... dxe5 11. Qxd8 Rxd8 12. Nd2 {with a mighty B on the long /^.}
(12. Nc3 c6 $11) 12... Nc6 (12... a5 13. O-O-O a4 14. Nc4 $1 $16 {attacking ><
e5.} (14. Ne4 Nc6 15. Nf6+ Kf8 16. Kb2 h6 17. Rxd8+ Nxd8 18. Rd1 Be6 19. Nd5
$14 {Timman-Gheorghiu, Helsinki zt 1972})) (12... Nd7 13. O-O-O Re8 14. Ne4 {
/\ Rxd7} Kg7 15. g4 {/\ g5} h6 16. Rd3 Nf6 17. Nxf6 Kxf6 18. Rhd1 c6 19. Rf3+
Kg7 20. Re3 $16 {Polugaevsky-Tal, SU-ch Leningrad 1971 13/89}) (12... c6 13.
O-O-O Be6 14. Nc4 $1 {fighting for the d <->.} (14. Ne4 Na6 15. g4 h6 16. h4
Kg7 17. g5 Nb4 18. Kb2 Nd5 19. e3 $14 {Z.Polgar-S.Polgar, Leon 1989}) 14...
Rxd1+ 15. Rxd1 Nd7 16. f4 (16. Na5 Rb8 17. Kb2 (17. c4 h5 {This is not
necessary.} (17... Kf8 {- 17.Kb2}) 18. Kb2 Kf8 19. Kc3 Ke8 20. b4 $16 {with
long-lasting pressure on the <<, Dizdarevic-Pasic, BIH-chT Bihac 1999.}) 17...
Kf8 18. c4 Ke8 19. b4 Kf8 {changing his mind?} 20. Kc3 Nb6 21. a3 Na4+ 22. Kc2
Nb6 23. c5 Nd5 24. e4 Nc7 25. a4 Ke7 26. Kc3 f6 $14 {and a breakthrough is not
in the near future, Psakhis-Krasenkov, URS Cup rapid 1988.}) 16... exf4 17.
gxf4 Nb6 18. Na5 $1 {This is the right place for the N attacking b7 and c6.} (
18. Nd6 Nd5 19. Rd4 b6 20. Kd2 Rd8 21. Ne4 Rc8 22. c4 $14 {Tal-Rashkovsky,
Sochi 1977}) 18... Rb8 19. e4 $16) (12... Na6 13. O-O-O c6 (13... Rb8 14. Nc4
Re8 15. a3 f6 16. b4 Kf8 17. Na5 Ke7 18. Rd3 c6 19. Rhd1 Bf5 20. Rd6 Nc7 21. c4
Rec8 22. Kb2 $14 {Dizdar-Lautier, Reykjavik 1988}) 14. Nc4 $14) 13. O-O-O (13.
Bxc6 bxc6 14. O-O-O c5 15. h4 Bb7 16. Rhe1 f6 17. c4 Kf7 18. Nb1 Rd6 19. Nc3
Bc6 20. Rd2 Rad8 21. Red1 Ke6 22. Kc2 $14 {and the black position remains a
tough nut to crack, Panchenko-Strukov, Voronezh 1999.}) 13... Be6 (13... Nd4
14. e3 Ne6 15. Nc4 Rxd1+ 16. Rxd1 f6 17. f4 exf4 18. exf4 Kf8 19. a4 {Black
has still serious problems with the development of the <<.} Rb8 20. Ne3 h5 21.
f5 $1 $16 {Lurie-Langheinrich, Mureck 1998}) 14. Ne4 $16 Rxd1+ (14... Nd4 15.
e3 Nf5 16. Nc5 $16 {>< b7}) 15. Rxd1 Rd8 16. Nf6+ (16. Nc5 Nd4 17. Kb2 b6 {
is the lesser evil.}) 16... Kh8 (16... Kg7 $2 {loses a P after} 17. Rxd8 Nxd8
18. Ne8+ $18) 17. Bxc6 {liquidating to a theoretically important _|_ with good
winning chances.} Rxd1+ 18. Kxd1 bxc6 {Black's P structure is corrupted on the
<< and a Nc5-Bc8 configuration leaves White with an excellent N versus bad B
_|_.} 19. h4 {[%mdl 4096]} Kg7 20. Ne4 (20. Ne8+ $2 Kf8 21. Nxc7 Bc8 {and the
N is more or less trapped.}) 20... f5 21. Nc5 Bc8 {Soon or later Black has to
retreat with his B.} (21... Kf6 22. Kd2 Bc8 {- 21...Bc8} (22... Bf7 $2 23. Nd7+
Ke6 24. Nf8+ $18) (22... Bg8 23. Na6 Be6 (23... Ke7 24. Nxc7 Kd6 25. Na6 c5 26.
a3) 24. Kc3)) 22. Kd2 Kf6 23. Ke3 h6 (23... g5 24. hxg5+ Kxg5 25. Nd3 Kf6 ({
The P sac by} 25... f4+ 26. gxf4+ exf4+ 27. Nxf4 h5 {creates a o^, but White's
connected passed pawns overweight the strength of it.} 28. f3 h4 29. Nd3 h3 30.
Kf2 $18) 26. f4 {White has to control the dark squares.} exf4+ 27. Kxf4 $16)
24. f4 g5 (24... exf4+ 25. gxf4 g5 26. hxg5+ hxg5 27. fxg5+ (27. Kd4 g4 {
and although White can blockade it, but Black has a defended o^.} (27... gxf4
28. Nd3 $16) 28. e4 fxe4 29. Nxe4+ Kf5 30. Ke3 Kg6 31. Ng3 Bf5 {activating
Black's pieces.}) (27. Kf3 g4+ 28. Kg3 Ke7) 27... Kxg5 28. Nd3 $16 {fighting
for the vital dark squares.}) 25. hxg5+ hxg5 26. Nd3 exf4+ 27. gxf4 gxf4+ (
27... g4 $1 {creating a o^ looks more persistant.}) 28. Nxf4 (28. Kxf4 Ke6)
28... Ke5 {Now the K loses the dark squares and Black gradually gets into
zugzwang.} (28... Kg5 $1) 29. Nd3+ Kd6 30. Kd4 Bb7 31. c4 Ba6 32. Nc5 Bc8 33.
e3 $22 $18 {Zugzwang! Black has to give up more territories.} Ke7 34. Ke5 Kf7
35. Nd3 Ke7 36. Nb4 Bd7 37. Na6 Kd8 38. Kf6 Bc8 39. Nc5 Ke8 40. Ne6 1-0